000 01069nam a2200277Ia 4500
003 OSt
005 20221005104809.0
006 a|||||r|||| 00| 0
007 ta
008 221004b |||||||| |||| 00| 0 hin d
020 _a9789381610312 (hbk)
_cIndian Rupees 150
024 _a38830
037 _bGift, 22/08/2018,
_cTextual
040 _aCRL
_cCRL
_bhin
041 _2hin
_ahin
082 _aO152,1N58x, Q4
100 _aश्रीवास्तव, मिथिलेश, ले.
245 0 _aपुतले पर गुस्सा
246 _aPutale par gussā
260 _aदिल्ली
_bशिल्पायन पब्लिशर्स एण्ड डिस्ट्रªीब्यूटर्स भारत
_c2014
300 _a87पृ0
_ccm.
650 _a हिन्दी साहित्य
650 _aहिन्दी कविता
942 _hO152,1N58x, Q4
_cTEXL
_2cc
999 _c1013820
_d1013820